Insulina y economía política: el difícil arte de la política pública (Registro nro. 16457)

Detalles MARC
000 -LEADER
fixed length control field 00463 a2200145 4500
001 - CONTROL NUMBER
control field ART_3510
005 - DATE AND TIME OF LATEST TRANSACTION
control field 20260410161715.0
008 - FIXED-LENGTH DATA ELEMENTS--GENERAL INFORMATION
fixed length control field 260409a
100 1# - MAIN ENTRY--PERSONAL NAME
Personal name Bisang, Roberto
245 10 - TITLE STATEMENT
Title Insulina y economía política: el difícil arte de la política pública
700 1# - ADDED ENTRY--PERSONAL NAME
Personal name Cogliati, Cristina
700 1# - ADDED ENTRY--PERSONAL NAME
Personal name Groisman, Silvio
700 1# - ADDED ENTRY--PERSONAL NAME
Personal name Katz, Jorge M.
773 0# - HOST ITEM ENTRY
Title Desarrollo económico
Related parts - Vol. 26, Nº 103 (oct./dic. 1986)
Record control number REV1174

No hay ítems disponibles.